| 000 | 00627nam a22002177a 4500 | ||
|---|---|---|---|
| 003 | DO-SdBNP | ||
| 005 | 20211125092412.0 | ||
| 007 | ta | ||
| 008 | 211125b20-- ||||e |||| 00| 0 spa d | ||
| 040 |
_aDO-SdBNP _bspa _cBNPHU |
||
| 082 | 4 |
_222 _a346.082 _bB213e |
|
| 110 | 1 |
_aBanco Popular Dominicano, S.A. _bBanco Múltiple _980733 |
|
| 245 | 1 | 0 |
_aEstatutos sociales / _cBanco Popular |
| 260 |
_a[Santo Domingo] : _bPopular, _c[20--?]. |
||
| 300 |
_a36 p. : _c20 cm |
||
| 650 | 4 | 0 |
_914565 _aBancos |
| 650 | 4 | 0 |
_aBancos _vEstatutos _xLegistación _980734 |
| 910 | _aSaquino | ||
| 942 |
_2ddc _cLF2 |
||
| 956 | _aInventariado, 2021 / SA | ||
| 999 |
_c51039 _d51039 |
||